000 00442nam a2200181Ia 4500
999 _c30360
_d30360
003 0100
005 20170504110900.0
008 130303s9999 xx 000 0 und d
040 _cARRUPELIB
050 _aDT469.M42L47 1974
100 _aLenoir, Philippe
_930496
245 _aIle Maurice = Mauritius
245 _bisle de France en mer Indienne
260 _bEditions Isle de France
_aPort-Louis
_c1974
300 _a147p.
300 _b 27cm.
650 _aMauritius
_xDescription and travel
_930497
942 _2lcc
_cMONOGRAPH